000 00503nam a2200229Ia 4500
003 IT-RoPAU
008 120407s9999 xx 000 0 und d
040 _aIT-RoPAU
040 _cIT-RoPAU
041 _aita
100 _aEberhard Bethge
245 _a"Dietrich Bonhoeffer Teologo cristiano contemporaneo"
250 _aBrescia
260 _aQueriniana
260 _c1997
300 _a1118 p.
300 _c23 cm
490 _aStrumenti,1
490 _v1
942 _cBK
999 _c24422
_d24422